000
00189 a2200097 4500
001
2621
100
_a
Thorwald, J.
245
_a
He 1000
260
_a
_b
Hutchinson
_c
090
_c
1918
_d
1918
942
_a
NUST-CAE
_c
M
_c
10202
999
_c
237694
_d
237694